| 000 | 00876nam a22002177a 4500 | ||
|---|---|---|---|
| 999 |
_c18473 _d18473 |
||
| 003 | AR-CdUCM | ||
| 008 | 190514b ||||| |||| 00| 0 spa d | ||
| 040 |
_aMUNICIPALIDAD PROVINCIAL DEL CUSCO _cBIBLIOTECA MUNICIPAL DEL CUSCO |
||
| 082 |
_24ed. _a373.22 / _bM19 / 1935 |
||
| 100 |
_aMallart, José _99990 |
||
| 245 | _aLa educación activa / | ||
| 260 |
_aBarcelona : _bLabor, _bBiblioteca de iniciación cultural, _c1935. |
||
| 300 |
_a223 paginas ; _bIlustraciones, graficos, dibujos, _c19 cm. |
||
| 505 | _aContenido: Principios y problemas fundamentales -- La escuela ideal para la educación activa -- La educación activa en la escuela actual -- La educación activa en la vida general y social... | ||
| 650 |
_aEducación _9460 |
||
| 650 |
_aSocial _92020 |
||
| 650 |
_aEducación _9460 |
||
| 700 |
_aCuto _911402 |
||
| 942 |
_2ddc _cLIBROS |
||
| 945 |
_apjha _d2019-05-14 |
||